| 000 | 00808nam a2200253 i 4500 | ||
|---|---|---|---|
| 001 | 141049 | ||
| 003 | ES-MaACL | ||
| 005 | 20250902020739.0 | ||
| 007 | t| | ||
| 008 | 070919s1986 sp ||||0| spa d ..| | ||
| 015 |
_a1988-OCT-17846\ _a1988-ENE-1988-DIC-11403 |
||
| 016 | 7 | _zSAB9000024748 | |
| 020 | _a84-234-0616-4 | ||
| 040 |
_aM-BN-DP _bspa _cM-BN-DP |
||
| 080 | _a658.8 | ||
| 100 | 1 |
_aWilson, Aubrey. _9117012 |
|
| 245 | 1 | 0 |
_aCómo mejorar la gestión comercial _b: más de mil ideas, cuestiones y sugerencias / _cAubrey Wilson ; traducción, Diorki Traductores. |
| 260 |
_aBilbao : _bDeusto, _c[1986] |
||
| 300 |
_a298 p. ; _c23 cm. |
||
| 650 | 1 | 7 |
_aAuditoría de marketing _2embne _910417 |
| 710 | 2 |
_aDiorki. _93392 |
|
| 852 |
_aES-MaACL _jL-11702 _bR.113867 |
||
| 999 |
_c141049 _d141049 |
||